Simulation of distributed-parameter and large-scale systems : proceedings of the IMACS European Simulation Meeting on Simulation of Distributed-Parameter and Large-Scale Systems, University of Patras, Patras, Greece, October 2-4, 1979 /
Guardado en:
| Autores Corporativos: | , |
|---|---|
| Otros Autores: | |
| Formato: | Libro |
| Idioma: | English |
| Publicado: |
Amsterdam : New York :
North-Holland Pub. Co. ; sole distributors for USA and Canada, Elsevier North-Holland,
1980.
|
| Materias: | |
| Etiquetas: |
Agregar Etiqueta
Sin Etiquetas, Sea el primero en etiquetar este registro!
|
| LEADER | 01373cam a22002535a 4500 | ||
|---|---|---|---|
| 001 | EIQ.libpla001158 | ||
| 008 | 800103s1980####ne#a#####b####101#0#eng#d | ||
| 005 | 20060810190139.0 | ||
| 245 | 1 | 0 | |a Simulation of distributed-parameter and large-scale systems : |b proceedings of the IMACS European Simulation Meeting on Simulation of Distributed-Parameter and Large-Scale Systems, University of Patras, Patras, Greece, October 2-4, 1979 / |c edited by S. G. Tzafestas. |
| 260 | |a Amsterdam : |b North-Holland Pub. Co. ; |a New York : |b sole distributors for USA and Canada, Elsevier North-Holland, |c 1980. | ||
| 300 | |a ix, 380 p. : |b il. ; |c 27 cm. | ||
| 504 | |a Incluye referencias bibliográficas e índices. | ||
| 020 | |a 0444854479 | ||
| 111 | 2 | |a IMACS European Simulation Meeting on Simulation of Distributed-Parameter and Large-Scale Systems |d (1979 : |c University of Patras, Greece) | |
| 700 | 1 | |a Tzafestas, S. G., |d 1939-, |e ed. |4 edt | |
| 710 | 2 | |a International Association for Mathematics and Computers in Simulation. | |
| 082 | 0 | 0 | |a 620.7 |
| 650 | 4 | |a Parámetros distribuídos |x Congresos. | |
| 650 | 4 | |a Parámetros distribuídos |x Modelos matemáticos. | |
| 650 | 4 | |a Distributed parameter systems |x Congresses. | |
| 650 | 4 | |a Distributed parameter systems |x Mathematical models. | |
| 010 | |a 79027826 | ||
| 040 | |a DLC |c DLC |d AR-BbSID | ||
| 859 | |a AR-BbSID |b BIB. PLAPIQUI |h 620.7 |i Im 1 |p 2128 | ||
